[Event "Small Nations"]
[Site "?"]
[Date "2015.04.19"]
[Round "1.11"]
[White "Guller, Andras"]
[Black "Aristotelous, Vassilis"]
[Result "1/2-1/2"]
[BlackElo "1969"]
[WhiteElo "2003"]
[LiveChessVersion "1.4.5"]

1. e4 {[%clk 1:30:41]} d6 {[%clk 1:30:53]} 2. d4 {[%clk 1:30:43]} Nf6
{[%clk 1:31:13]} 3. Nc3 {[%clk 1:31:02]} g6 {[%clk 1:31:35]} 4. g3
{[%clk 1:29:57]} Bg7 {[%clk 1:31:48]} 5. Bg2 {[%clk 1:30:14]} O-O
{[%clk 1:32:00]} 6. Nge2 {[%clk 1:30:30]} e5 {[%clk 1:30:46]} 7. O-O
{[%clk 1:25:39]} Nc6 {[%clk 1:29:49]} 8. dxe5 {[%clk 1:22:22]} Nxe5
{[%clk 1:24:07]} 9. b3 {[%clk 1:18:48]} Bg4 {[%clk 1:06:48]} 10. f3
{[%clk 1:16:50]} Bd7 {[%clk 1:05:15]} 11. Be3 {[%clk 1:13:27]} Ne8
{[%clk 0:54:50]} 12. Qd2 {[%clk 1:10:48]} Qc8 {[%clk 0:48:01]} 13. Rad1
{[%clk 1:07:18]} c6 {[%clk 0:44:16]} 14. Bh6 {[%clk 1:04:45]} Bh3
{[%clk 0:42:17]} 15. Bxg7 {[%clk 1:01:35]} Kxg7 {[%clk 0:41:36]} 16. Nf4
{[%clk 0:52:41]} Bxg2 {[%clk 0:41:36]} 17. Kxg2 {[%clk 0:52:56]} Kg8
{[%clk 0:37:55]} 18. Nd3 {[%clk 0:49:17]} Nxd3 {[%clk 0:32:10]} 19. Qxd3
{[%clk 0:49:10]} Qe6 {[%clk 0:29:38]} 20. Ne2 {[%clk 0:46:45]} Rd8
{[%clk 0:20:22]} 21. c4 {[%clk 0:40:42]} Nf6 {[%clk 0:17:33]} 22. Nf4
{[%clk 0:38:01]} Qe7 {[%clk 0:15:25]} 23. Qd4 {[%clk 0:36:05]} b6
{[%clk 0:13:46]} 24. h4 {[%clk 0:33:21]} h5 {[%clk 0:13:45]} 25. Rf2
{[%clk 0:32:41]} Rd7 {[%clk 0:09:27]} 26. Rfd2 {[%clk 0:26:40]} Re8
{[%clk 0:09:06]} 27. Qc3 {[%clk 0:24:49]} Red8 {[%clk 0:06:12]} 28. b4
{[%clk 0:17:43]} Rc8 {[%clk 0:04:08]} 29. Qd4 {[%clk 0:16:49]} Rcc7
{[%clk 0:04:20]} 30. b5 {[%clk 0:16:23]} cxb5 {[%clk 0:04:38]} 31. cxb5
{[%clk 0:16:45]} Rc5 {[%clk 0:04:26]} 32. a4 {[%clk 0:16:09]} d5 {[%clk 0:02:20]}
33. e5 {[%clk 0:13:12]} Ne8 {[%clk 0:02:38]} 34. e6 {[%clk 0:13:06]} Rd6
{[%clk 0:02:28]} 35. exf7+ {[%clk 0:10:09]} Qxf7 {[%clk 0:02:41]} 36. Qe3
{[%clk 0:07:59]} d4 {[%clk 0:02:02]} 37. Rxd4 {[%clk 0:07:17]} Rc2+
{[%clk 0:02:06]} 38. R1d2 {[%clk 0:06:39]} Rxd2+ {[%clk 0:02:08]} 39. Rxd2
{[%clk 0:07:02]} Rxd2+ {[%clk 0:02:09]} 40. Qxd2 {[%clk 0:07:24]} Nf6
{[%clk 0:02:11]} 41. Qc2 {[%clk 0:04:19]} Kg7 {[%clk 0:01:49]} 42. Qe2
{[%clk 0:28:52]} Kh7 {[%clk 0:17:03]} 43. Qe6 {[%clk 0:24:52]} Qxe6
{[%clk 0:16:00]} 44. Nxe6 {[%clk 0:25:11]} Nd5 {[%clk 0:16:19]} 45. Ng5+
{[%clk 0:24:39]} Kg7 {[%clk 0:16:25]} 46. Ne4 {[%clk 0:25:03]} Kf7
{[%clk 0:05:03]} 47. Kf2 {[%clk 0:25:12]} Ke6 {[%clk 0:05:25]} 48. Ke2
{[%clk 0:25:29]} Ke5 {[%clk 0:05:14]} 49. Kd3 {[%clk 0:25:49]} Ne7
{[%clk 0:04:30]} 50. Nc3 {[%clk 0:15:32]} Nf5 {[%clk 0:04:24]} 51. Ne2
{[%clk 0:15:21]} Kd5 {[%clk 0:03:00]} 52. Nf4+ {[%clk 0:06:55]} Kc5
{[%clk 0:03:17]} 53. Nxg6 {[%clk 0:06:29]} Nxg3 {[%clk 0:03:34]} 54. Ne7
{[%clk 0:05:18]} Kb4 {[%clk 0:03:40]} 55. Nc6+ {[%clk 0:05:42]} Kxa4
{[%clk 0:03:53]} 56. Nxa7 {[%clk 0:06:05]} Nf5 {[%clk 0:04:01]} 57. Ke4
{[%clk 0:06:21]} Nxh4 {[%clk 0:03:56]} 58. Kf4 {[%clk 0:06:37]} Kb4
{[%clk 0:03:44]} 59. Kg5 {[%clk 0:05:43]} Nxf3+ {[%clk 0:04:02]} 60. Kxh5
{[%clk 0:06:08]} Nd4 {[%clk 0:04:21]} 61. Nc8 {[%clk 0:06:32]} 1/2-1/2

[Event "Small Nations"]
[Site "?"]
[Date "2015.04.19"]
[Round "1.12"]
[White "Kassinopoullos, Doros"]
[Black "Jelic, Dejan"]
[Result "1/2-1/2"]
[BlackElo "1968"]
[WhiteElo "2099"]
[LiveChessVersion "1.4.5"]

1. e4 {[%clk 1:30:53]} e6 {[%clk 1:30:57]} 2. d4 {[%clk 1:30:53]} d5
{[%clk 1:31:23]} 3. Nd2 {[%clk 1:31:15]} c5 {[%clk 1:31:33]} 4. exd5
{[%clk 1:31:05]} exd5 {[%clk 1:31:34]} 5. Ngf3 {[%clk 1:30:42]} Nc6
{[%clk 1:30:39]} 6. Bb5 {[%clk 1:30:06]} Qe7+ {[%clk 1:22:34]} 7. Be2
{[%clk 1:29:14]} Bf5 {[%clk 1:12:59]} 8. O-O {[%clk 1:27:02]} Nf6
{[%clk 1:10:20]} 9. Re1 {[%clk 1:25:32]} O-O-O {[%clk 1:02:54]} 10. Nb3
{[%clk 1:17:29]} Qc7 {[%clk 0:59:15]} 11. dxc5 {[%clk 1:11:32]} d4
{[%clk 0:58:44]} 12. a3 {[%clk 1:05:12]} a5 {[%clk 0:57:32]} 13. Bg5
{[%clk 1:00:59]} a4 {[%clk 0:57:04]} 14. Nbxd4 {[%clk 1:01:13]} Bxc5
{[%clk 0:56:18]} 15. c3 {[%clk 1:00:48]} Bxd4 {[%clk 0:46:59]} 16. cxd4
{[%clk 0:59:41]} Qa5 {[%clk 0:45:14]} 17. b4 {[%clk 0:54:57]} axb3
{[%clk 0:44:29]} 18. Qxb3 {[%clk 0:53:52]} Be6 {[%clk 0:42:24]} 19. Qb2
{[%clk 0:50:15]} Rhe8 {[%clk 0:40:07]} 20. Rab1 {[%clk 0:47:11]} Rd7
{[%clk 0:38:57]} 21. Rec1 {[%clk 0:43:49]} Bd5 {[%clk 0:35:27]} 22. Ne5
{[%clk 0:39:33]} Rc7 {[%clk 0:34:33]} 23. Bf4 {[%clk 0:34:57]} Kd8
{[%clk 0:28:16]} 24. Bb5 {[%clk 0:31:49]} Rc8 {[%clk 0:23:52]} 25. Bd2
{[%clk 0:20:14]} Qb6 {[%clk 0:21:20]} 26. Nxc6+ {[%clk 0:15:33]} bxc6
{[%clk 0:20:36]} 27. Bd3 {[%clk 0:14:57]} Qxb2 {[%clk 0:19:56]} 28. Rxb2
{[%clk 0:15:24]} Ne4 {[%clk 0:19:56]} 29. Ba5+ {[%clk 0:14:35]} Kd7
{[%clk 0:19:14]} 30. Rb7+ {[%clk 0:13:08]} Ke6 {[%clk 0:18:59]} 31. f3
{[%clk 0:12:06]} Nd6 {[%clk 0:19:08]} 32. Rbb1 {[%clk 0:12:21]} Kd7
{[%clk 0:17:04]} 33. Kf2 {[%clk 0:11:51]} Rb8 {[%clk 0:16:34]} 34. Bb4
{[%clk 0:10:38]} Ra8 {[%clk 0:15:39]} 35. Re1 {[%clk 0:09:11]} Reb8
{[%clk 0:14:45]} 36. Bc5 {[%clk 0:06:11]} g6 {[%clk 0:14:41]} 37. Rxb8
{[%clk 0:06:14]} Rxb8 {[%clk 0:15:07]} 38. Rb1 {[%clk 0:06:31]} Ra8
{[%clk 0:14:48]} 39. g4 {[%clk 0:04:12]} h6 {[%clk 0:12:22]} 40. Rb2
{[%clk 0:02:02]} Ke6 {[%clk 0:11:47]} 41. Re2+ {[%clk 0:01:08]} Kd7
{[%clk 0:12:09]} 42. Rb2 {[%clk 0:00:36]} Ke6 {[%clk 0:12:29]} 43. Re2+
{[%clk 0:22:15]} Kd7 {[%clk 0:42:53]} 44. h4 {[%clk 0:18:53]} Rb8
{[%clk 0:32:14]} 45. Bb4 {[%clk 0:18:45]} Ra8 {[%clk 0:27:49]} 46. Re5
{[%clk 0:15:54]} Nc4 {[%clk 0:20:20]} 47. Bxc4 {[%clk 0:14:15]} Bxc4
{[%clk 0:20:47]} 48. Re7+ {[%clk 0:12:15]} Kd8 {[%clk 0:21:04]} 49. Ke3
{[%clk 0:11:33]} Rb8 {[%clk 0:20:29]} 50. Ra7 {[%clk 0:10:58]} Rb5
{[%clk 0:14:24]} 51. g5 {[%clk 0:07:08]} hxg5 {[%clk 0:14:34]} 52. hxg5
{[%clk 0:07:29]} Kc8 {[%clk 0:11:17]} 53. f4 {[%clk 0:06:03]} Rb7
{[%clk 0:10:39]} 54. Rxb7 {[%clk 0:02:23]} Kxb7 {[%clk 0:11:05]} 55. Ke4
{[%clk 0:02:38]} Kb6 {[%clk 0:10:37]} 56. Ke5 {[%clk 0:02:31]} Kb5
{[%clk 0:10:55]} 57. f5 {[%clk 0:02:39]} gxf5 {[%clk 0:11:17]} 58. Kxf5
{[%clk 0:03:02]} Bd5 {[%clk 0:11:14]} 59. Ke5 {[%clk 0:03:12]} Bb3
{[%clk 0:11:12]} 60. Ke4 1/2-1/2

[Event "Small Nations"]
[Site "?"]
[Date "2015.04.19"]
[Round "1.13"]
[White "Holland, Christopher"]
[Black "Pace, Colin"]
[Result "1/2-1/2"]
[BlackElo "2120"]
[WhiteElo "2213"]
[LiveChessVersion "1.4.5"]

1. Nf3 {[%clk 1:30:54]} g6 {[%clk 1:30:03]} 2. e4 {[%clk 1:30:58]} c5
{[%clk 1:30:16]} 3. g3 {[%clk 1:30:59]} Bg7 {[%clk 1:26:58]} 4. Bg2
{[%clk 1:31:23]} Nc6 {[%clk 1:22:42]} 5. O-O {[%clk 1:31:37]} Nf6
{[%clk 1:21:26]} 6. d3 {[%clk 1:29:21]} O-O {[%clk 1:20:06]} 7. Nbd2
{[%clk 1:24:57]} d5 {[%clk 1:13:13]} 8. c3 {[%clk 1:17:23]} e5 {[%clk 1:05:34]}
9. Re1 {[%clk 0:58:28]} h6 {[%clk 0:58:21]} 10. a3 {[%clk 0:43:32]} Be6
{[%clk 0:51:52]} 11. b4 {[%clk 0:36:29]} cxb4 {[%clk 0:49:01]} 12. axb4
{[%clk 0:34:41]} a6 {[%clk 0:44:16]} 13. exd5 {[%clk 0:24:34]} Nxd5
{[%clk 0:41:38]} 14. Bb2 {[%clk 0:24:56]} e4 {[%clk 0:33:07]} 15. Nxe4
{[%clk 0:24:00]} Ncxb4 {[%clk 0:27:41]} 16. d4 {[%clk 0:20:07]} Nc6
{[%clk 0:26:27]} 17. Nc5 {[%clk 0:14:30]} Bc8 {[%clk 0:25:14]} 18. Qe2
{[%clk 0:09:18]} Qc7 {[%clk 0:20:59]} 19. Rac1 {[%clk 0:04:02]} Nf6
{[%clk 0:16:13]} 1/2-1/2

[Event "Small Nations"]
[Site "?"]
[Date "2015.04.19"]
[Round "1.14"]
[White "Cilia Vincenti, David"]
[Black "Hamperl, Fred"]
[Result "0-1"]
[BlackElo "2071"]
[WhiteElo "2078"]
[LiveChessVersion "1.4.5"]

1. d4 {[%clk 1:30:56]} Nf6 {[%clk 1:30:55]} 2. c4 {[%clk 1:31:19]} c5
{[%clk 1:31:15]} 3. d5 {[%clk 1:31:42]} e6 {[%clk 1:31:34]} 4. Nc3
{[%clk 1:31:59]} exd5 {[%clk 1:31:53]} 5. cxd5 {[%clk 1:32:16]} d6
{[%clk 1:32:12]} 6. e4 {[%clk 1:32:32]} g6 {[%clk 1:32:25]} 7. h3
{[%clk 1:32:55]} Bg7 {[%clk 1:30:01]} 8. Bd3 {[%clk 1:33:09]} a6 {[%clk 1:30:03]}
9. a4 {[%clk 1:33:32]} Nbd7 {[%clk 1:29:02]} 10. Nf3 {[%clk 1:33:12]} Nh5
{[%clk 1:28:36]} 11. Bg5 {[%clk 1:31:09]} Bf6 {[%clk 1:28:05]} 12. Be3
{[%clk 1:30:40]} Ng7 {[%clk 1:07:31]} 13. O-O {[%clk 1:29:15]} O-O
{[%clk 1:05:58]} 14. Qd2 {[%clk 1:27:20]} Rb8 {[%clk 1:02:06]} 15. Bf4
{[%clk 1:19:18]} Qe7 {[%clk 1:00:41]} 16. Rfe1 {[%clk 1:16:17]} Ne5
{[%clk 0:59:31]} 17. Nxe5 {[%clk 1:10:16]} Bxe5 {[%clk 0:59:54]} 18. Bxe5
{[%clk 1:09:09]} Qxe5 {[%clk 1:00:16]} 19. f4 {[%clk 1:08:33]} Qd4+
{[%clk 0:58:26]} 20. Qe3 {[%clk 1:06:57]} Qb4 {[%clk 0:52:00]} 21. Qf2
{[%clk 0:55:05]} f6 {[%clk 0:47:44]} 22. Kh2 {[%clk 0:40:16]} Bd7
{[%clk 0:46:35]} 23. g3 {[%clk 0:35:23]} Rf7 {[%clk 0:36:35]} 24. Qc2
{[%clk 0:32:05]} Re7 {[%clk 0:32:10]} 25. Re3 {[%clk 0:26:19]} c4
{[%clk 0:25:49]} 26. Bf1 {[%clk 0:25:12]} Nf5 {[%clk 0:23:45]} 27. Ree1
{[%clk 0:23:46]} Nd4 {[%clk 0:22:11]} 28. Qf2 {[%clk 0:23:16]} Nb3
{[%clk 0:22:03]} 29. Ra3 {[%clk 0:21:40]} Rbe8 {[%clk 0:19:41]} 30. g4
{[%clk 0:12:41]} Nc5 {[%clk 0:19:02]} 31. Na2 {[%clk 0:08:57]} Qa5
{[%clk 0:17:02]} 32. Bxc4 {[%clk 0:05:54]} Nxe4 {[%clk 0:16:49]} 33. Qe2
{[%clk 0:04:12]} Nd2 {[%clk 0:13:32]} 34. Qxe7 {[%clk 0:03:02]} Rxe7
{[%clk 0:12:45]} 35. Rxe7 {[%clk 0:03:25]} Nxc4 {[%clk 0:10:07]} 36. Rc3
{[%clk 0:02:54]} Qd8 {[%clk 0:08:25]} 37. Rxd7 {[%clk 0:02:25]} Qxd7
{[%clk 0:08:49]} 38. Rxc4 {[%clk 0:02:44]} b5 {[%clk 0:05:52]} 39. Rc6
{[%clk 0:01:51]} bxa4 {[%clk 0:04:12]} 40. Nc3 {[%clk 0:00:59]} Qa7
{[%clk 0:03:19]} 41. Ne4 {[%clk 0:28:14]} Qd4 {[%clk 0:31:07]} 42. Nxd6
{[%clk 0:24:44]} Qxf4+ {[%clk 0:25:47]} 43. Kg2 {[%clk 0:24:14]} Qd2+
{[%clk 0:25:03]} 44. Kg3 {[%clk 0:24:02]} Qd3+ {[%clk 0:22:31]} 45. Kh2
{[%clk 0:22:54]} Qxd5 {[%clk 0:16:34]} 46. Rc8+ {[%clk 0:21:31]} Kg7
{[%clk 0:16:46]} 47. Rc7+ {[%clk 0:19:44]} Kf8 {[%clk 0:15:23]} 48. Nc4
{[%clk 0:19:50]} Qd4 {[%clk 0:13:39]} 49. Kg3 {[%clk 0:16:10]} g5
{[%clk 0:13:20]} 50. Rc8+ {[%clk 0:16:27]} Kg7 {[%clk 0:12:42]} 51. Kg2
{[%clk 0:15:52]} Qe4+ {[%clk 0:12:09]} 52. Kg3 {[%clk 0:14:41]} Qe1+
{[%clk 0:11:49]} 53. Kg2 {[%clk 0:14:54]} Qe6 {[%clk 0:10:24]} 54. Rc7+
{[%clk 0:14:37]} Kf8 {[%clk 0:09:29]} 55. Kg3 {[%clk 0:13:35]} Qe1+
{[%clk 0:09:25]} 56. Kg2 {[%clk 0:13:51]} Qe2+ {[%clk 0:09:18]} 57. Kg3
{[%clk 0:13:59]} Qf1 {[%clk 0:08:49]} 58. Rc8+ {[%clk 0:13:16]} Ke7
{[%clk 0:08:53]} 59. Kh2 {[%clk 0:13:22]} Qf2+ {[%clk 0:08:49]} 60. Kh1
{[%clk 0:13:37]} Qg3 {[%clk 0:08:33]} 0-1

[Event "Small Nations"]
[Site "?"]
[Date "2015.04.19"]
[Round "1.15"]
[White "Kirby, Peter J"]
[Black "Darmanin, Jake"]
[Result "1-0"]
[BlackElo "1984"]
[WhiteElo "1990"]
[LiveChessVersion "1.4.5"]

1. e4 {[%clk 1:30:56]} e5 {[%clk 1:30:46]} 2. Nf3 {[%clk 1:31:24]} Nc6
{[%clk 1:31:05]} 3. Nc3 {[%clk 1:31:46]} Nf6 {[%clk 1:19:12]} 4. d4
{[%clk 1:32:08]} exd4 {[%clk 1:19:12]} 5. Nxd4 {[%clk 1:32:32]} d6
{[%clk 1:12:25]} 6. Bb5 {[%clk 1:27:57]} Bd7 {[%clk 1:11:51]} 7. O-O
{[%clk 1:27:34]} Nxd4 {[%clk 1:04:37]} 8. Bxd7+ {[%clk 1:27:56]} Qxd7
{[%clk 1:05:00]} 9. Qxd4 {[%clk 1:28:17]} Be7 {[%clk 1:00:04]} 10. Be3
{[%clk 1:15:57]} Ng4 {[%clk 0:36:33]} 11. Nd5 {[%clk 1:10:13]} O-O
{[%clk 0:29:44]} 12. Rad1 {[%clk 1:02:52]} Rfd8 {[%clk 0:24:53]} 13. h3
{[%clk 1:01:17]} Nxe3 {[%clk 0:22:19]} 14. Nxe7+ {[%clk 1:01:28]} Qxe7
{[%clk 0:22:41]} 15. Qxe3 {[%clk 1:01:51]} Re8 {[%clk 0:20:37]} 16. Rfe1
{[%clk 1:01:43]} Qe5 {[%clk 0:16:08]} 17. Qd4 {[%clk 1:00:56]} Qxd4
{[%clk 0:11:22]} 18. Rxd4 {[%clk 1:00:45]} Re7 {[%clk 0:10:57]} 19. Red1
{[%clk 0:58:59]} Rae8 {[%clk 0:10:33]} 20. f3 {[%clk 0:58:57]} f6
{[%clk 0:09:12]} 21. a4 {[%clk 0:54:11]} Kf7 {[%clk 0:07:24]} 22. Rd5
{[%clk 0:53:28]} Re5 {[%clk 0:06:38]} 23. Kf2 {[%clk 0:52:12]} R8e7
{[%clk 0:04:59]} 24. b4 {[%clk 0:51:23]} Ke8 {[%clk 0:04:13]} 25. c4
{[%clk 0:51:19]} b6 {[%clk 0:03:00]} 26. Rxe5 {[%clk 0:49:18]} Rxe5
{[%clk 0:03:19]} 27. Rd5 {[%clk 0:49:42]} Re6 {[%clk 0:02:46]} 28. a5
{[%clk 0:45:18]} Kd7 {[%clk 0:01:51]} 29. axb6 {[%clk 0:41:06]} cxb6
{[%clk 0:02:00]} 30. b5 {[%clk 0:40:29]} Re8 {[%clk 0:01:32]} 31. Ke3
{[%clk 0:40:28]} a5 {[%clk 0:00:57]} 32. bxa6 Ra8 {[%clk 0:01:14]} 33. Rd2
{[%clk 0:37:03]} Rxa6 {[%clk 0:01:39]} 34. Kd4 {[%clk 0:36:49]} Ra3
{[%clk 0:01:21]} 35. h4 {[%clk 0:34:33]} Kc6 {[%clk 0:01:20]} 36. Rd3
{[%clk 0:30:52]} Ra2 {[%clk 0:01:37]} 37. g4 {[%clk 0:31:00]} g6 {[%clk 0:00:54]}
38. g5 {[%clk 0:30:53]} fxg5 {[%clk 0:00:39]} 39. hxg5 {[%clk 0:31:22]} Rg2
{[%clk 0:00:31]} 40. f4 {[%clk 0:31:36]} Rg4 {[%clk 0:00:37]} 41. Rf3
{[%clk 0:30:01]} Rh4 {[%clk 0:18:00]} 42. Ke3 {[%clk 0:55:10]} Kd7
{[%clk 0:17:06]} 43. Rf1 {[%clk 0:52:56]} h6 {[%clk 0:09:12]} 44. gxh6
{[%clk 0:52:41]} Rxh6 {[%clk 0:09:41]} 45. Rg1 {[%clk 0:50:05]} Ke7
{[%clk 0:06:56]} 46. Kf3 {[%clk 0:46:37]} Rh3+ {[%clk 0:05:14]} 47. Rg3
{[%clk 0:46:58]} Rh6 {[%clk 0:05:08]} 48. Ke3 {[%clk 0:42:19]} Kf6
{[%clk 0:04:24]} 49. Kd4 {[%clk 0:42:28]} Rh1 {[%clk 0:04:52]} 50. Rb3
{[%clk 0:41:31]} Rd1+ {[%clk 0:03:58]} 51. Ke3 {[%clk 0:38:01]} Re1+
{[%clk 0:03:35]} 52. Kf3 {[%clk 0:38:30]} Rf1+ {[%clk 0:03:48]} 53. Kg3
{[%clk 0:38:46]} Re1 {[%clk 0:02:27]} 54. Rxb6 {[%clk 0:37:43]} Rxe4
{[%clk 0:02:54]} 55. Rxd6+ {[%clk 0:38:01]} Kf5 {[%clk 0:02:49]} 56. Rd5+
{[%clk 0:35:27]} Kf6 {[%clk 0:03:04]} 57. c5 {[%clk 0:34:51]} Rc4
{[%clk 0:03:30]} 58. Kf3 {[%clk 0:33:25]} Rc1 {[%clk 0:02:19]} 59. Ke3
{[%clk 0:31:24]} Rc3+ {[%clk 0:02:03]} 60. Kd4 {[%clk 0:30:36]} Rc1
{[%clk 0:00:45]} 61. Re5 {[%clk 0:28:24]} Rf1 {[%clk 0:00:37]} 62. Ke4
{[%clk 0:28:21]} Rc1 {[%clk 0:00:42]} 63. Kd5 {[%clk 0:28:07]} Rc3
{[%clk 0:00:40]} 64. Re4 {[%clk 0:26:57]} Kf5 {[%clk 0:00:41]} 65. Rd4
{[%clk 0:26:32]} Kf6 {[%clk 0:00:40]} 66. Kd6 {[%clk 0:26:42]} Rc2
{[%clk 0:00:39]} 67. c6 {[%clk 0:26:09]} Rh2 {[%clk 0:00:31]} 68. Kc7
{[%clk 0:23:37]} Rb2 {[%clk 0:00:37]} 69. Kd7 {[%clk 0:23:29]} Rh2
{[%clk 0:00:49]} 70. c7 {[%clk 0:23:19]} Rh7+ {[%clk 0:00:45]} 71. Kc8
{[%clk 0:23:29]} Rh1 {[%clk 0:00:34]} 72. Kd7 {[%clk 0:20:51]} Rh7+
{[%clk 0:00:55]} 73. Kc6 {[%clk 0:21:16]} Rh8 {[%clk 0:00:34]} 74. Rd8
{[%clk 0:21:03]} Rh1 {[%clk 0:00:38]} 75. c8=Q {[%clk 0:19:49]} Rc1+
{[%clk 0:01:01]} 76. Kd7 {[%clk 0:20:09]} Rxc8 {[%clk 0:00:50]} 77. Rxc8
{[%clk 0:20:38]} Kf5 {[%clk 0:01:12]} 78. Rc4 {[%clk 0:20:58]} 1-0

[Event "Small Nations"]
[Site "?"]
[Date "2015.04.19"]
[Round "1.16"]
[White "Psaila, Clarence"]
[Black "Brookfield, Toby"]
[Result "1-0"]
[BlackElo "1877"]
[WhiteElo "2063"]
[LiveChessVersion "1.4.5"]

1. e4 {[%clk 1:30:55]} c5 {[%clk 1:30:54]} 2. Nf3 {[%clk 1:31:20]} d6
{[%clk 1:31:17]} 3. Bb5+ {[%clk 1:31:45]} Nc6 {[%clk 1:31:30]} 4. Bxc6+
{[%clk 1:31:56]} bxc6 {[%clk 1:31:47]} 5. O-O {[%clk 1:32:06]} Bg4
{[%clk 1:31:39]} 6. h3 {[%clk 1:32:17]} Bh5 {[%clk 1:31:55]} 7. c3
{[%clk 1:30:30]} e5 {[%clk 1:27:48]} 8. Qe2 {[%clk 1:28:47]} Nf6 {[%clk 1:26:11]}
9. Rd1 {[%clk 1:26:09]} Be7 {[%clk 1:16:42]} 10. d4 {[%clk 1:20:43]} Bxf3
{[%clk 1:07:24]} 11. Qxf3 {[%clk 1:19:19]} Nd7 {[%clk 1:04:58]} 12. Be3
{[%clk 0:59:27]} cxd4 {[%clk 1:00:12]} 13. cxd4 {[%clk 0:59:17]} O-O
{[%clk 0:59:14]} 14. Nd2 {[%clk 0:55:40]} exd4 {[%clk 0:42:47]} 15. Bxd4
{[%clk 0:55:24]} Bf6 {[%clk 0:42:37]} 16. Nc4 {[%clk 0:53:31]} Bxd4
{[%clk 0:26:23]} 17. Rxd4 {[%clk 0:53:32]} f5 {[%clk 0:23:35]} 18. Nxd6
{[%clk 0:39:24]} Qb6 {[%clk 0:11:50]} 19. Rad1 {[%clk 0:29:12]} fxe4
{[%clk 0:08:09]} 20. Qxe4 {[%clk 0:26:29]} Nc5 {[%clk 0:03:40]} 21. Qc2
{[%clk 0:25:58]} h6 {[%clk 0:00:46]} 22. Rc4 {[%clk 0:24:50]} Ne6
{[%clk 0:00:36]} 23. Rxc6 {[%clk 0:24:10]} Qb4 {[%clk 0:00:39]} 24. Qc4
{[%clk 0:17:11]} Qxc4 {[%clk 0:01:03]} 25. Nxc4 {[%clk 0:17:27]} Ng5
{[%clk 0:00:43]} 26. Rd7 {[%clk 0:16:27]} Rae8 {[%clk 0:00:40]} 27. Ne3
{[%clk 0:13:04]} 1-0

[Event "Small Nations"]
[Site "?"]
[Date "2015.04.20"]
[Round "2.5"]
[White "Kobler, Mario"]
[Black "De La Riva Aguado, Oscar"]
[Result "0-1"]
[BlackElo "2507"]
[WhiteElo "2108"]
[LiveChessVersion "1.4.5"]

1. Nf3 {[%clk 1:30:52]} g6 {[%clk 1:30:01]} 2. c4 {[%clk 1:30:07]} Bg7
{[%clk 1:30:16]} 3. g3 {[%clk 1:30:15]} c5 {[%clk 1:15:29]} 4. d4
{[%clk 1:28:50]} cxd4 {[%clk 1:15:24]} 5. Nxd4 {[%clk 1:29:13]} Nc6
{[%clk 1:15:49]} 6. Nc2 {[%clk 1:25:06]} d6 {[%clk 1:12:48]} 7. Bg2
{[%clk 1:24:25]} Be6 {[%clk 1:13:00]} 8. Ne3 {[%clk 1:23:43]} h5 {[%clk 1:11:19]}
9. h4 {[%clk 1:22:43]} Nh6 {[%clk 1:11:05]} 10. Nc3 {[%clk 1:19:02]} Rc8
{[%clk 1:07:37]} 11. Rb1 {[%clk 1:12:03]} Nf5 {[%clk 1:00:59]} 12. Ned5
{[%clk 1:06:22]} O-O {[%clk 0:52:19]} 13. Bd2 {[%clk 1:02:08]} a6
{[%clk 0:51:01]} 14. O-O {[%clk 1:00:34]} b5 {[%clk 0:40:27]} 15. cxb5
{[%clk 0:55:34]} axb5 {[%clk 0:40:37]} 16. Nxb5 {[%clk 0:54:02]} Bxd5
{[%clk 0:38:01]} 17. Bxd5 {[%clk 0:53:34]} Nxg3 {[%clk 0:38:00]} 18. fxg3
{[%clk 0:48:27]} Qb6+ {[%clk 0:38:16]} 19. Kh1 {[%clk 0:44:15]} Qxb5
{[%clk 0:38:26]} 20. Bf4 {[%clk 0:28:33]} Nd4 {[%clk 0:35:43]} 21. e4
{[%clk 0:21:45]} Qd7 {[%clk 0:19:24]} 22. Kg2 {[%clk 0:17:33]} Rc2+
{[%clk 0:15:03]} 23. Rf2 {[%clk 0:17:44]} Rxf2+ {[%clk 0:12:14]} 24. Kxf2
{[%clk 0:18:08]} e6 {[%clk 0:11:18]} 25. Bc4 {[%clk 0:15:49]} d5 {[%clk 0:10:14]}
26. exd5 {[%clk 0:14:03]} exd5 {[%clk 0:10:31]} 27. Bd3 {[%clk 0:14:24]} Ne6
{[%clk 0:10:32]} 28. Be3 {[%clk 0:12:14]} d4 {[%clk 0:10:07]} 29. Bd2
{[%clk 0:11:59]} Nc5 {[%clk 0:07:45]} 30. Bb4 {[%clk 0:09:54]} Nxd3+
{[%clk 0:07:59]} 31. Qxd3 {[%clk 0:10:17]} Rb8 {[%clk 0:07:32]} 32. a3
{[%clk 0:10:02]} Qh3 {[%clk 0:07:02]} 33. Qe4 {[%clk 0:08:11]} Bh6
{[%clk 0:06:56]} 34. Rh1 {[%clk 0:04:40]} Be3+ {[%clk 0:06:51]} 35. Ke2
{[%clk 0:04:55]} Qxg3 {[%clk 0:07:03]} 36. Rf1 {[%clk 0:04:40]} Qh2+
{[%clk 0:06:47]} 37. Kf3 {[%clk 0:04:09]} Rc8 {[%clk 0:06:49]} 0-1

[Event "Small Nations"]
[Site "?"]
[Date "2015.04.20"]
[Round "2.6"]
[White "Garcia Paolicchi, Raul"]
[Black "Frick, Renato"]
[Result "1-0"]
[BlackElo "2056"]
[WhiteElo "2146"]
[LiveChessVersion "1.4.5"]

1. d4 {[%clk 1:30:57]} d5 {[%clk 1:30:50]} 2. Nf3 {[%clk 1:31:00]} e6
{[%clk 1:30:51]} 3. e3 {[%clk 1:30:42]} Nf6 {[%clk 1:30:56]} 4. Bd3
{[%clk 1:30:34]} b6 {[%clk 1:27:47]} 5. O-O {[%clk 1:28:51]} Bd6 {[%clk 1:27:50]}
6. b3 {[%clk 1:26:53]} O-O {[%clk 1:23:42]} 7. Bb2 {[%clk 1:25:41]} Bb7
{[%clk 1:20:39]} 8. Nbd2 {[%clk 1:19:23]} c5 {[%clk 1:14:17]} 9. c4
{[%clk 1:14:17]} Nc6 {[%clk 1:08:23]} 10. Rc1 {[%clk 1:12:13]} Qe7
{[%clk 0:57:48]} 11. dxc5 {[%clk 0:49:58]} bxc5 {[%clk 0:57:06]} 12. Qe2
{[%clk 0:49:12]} Rfd8 {[%clk 0:51:44]} 13. e4 {[%clk 0:41:45]} dxc4
{[%clk 0:46:07]} 14. Nxc4 {[%clk 0:38:36]} Bf4 {[%clk 0:41:01]} 15. Rcd1
{[%clk 0:36:40]} a5 {[%clk 0:31:56]} 16. Nb6 {[%clk 0:25:35]} Rab8
{[%clk 0:31:47]} 17. e5 {[%clk 0:24:38]} Nd5 {[%clk 0:32:03]} 18. Qe4
{[%clk 0:23:58]} g6 {[%clk 0:32:20]} 19. Nxd5 {[%clk 0:23:50]} 1-0